Estatísticas para Países que contêm uma letra - Z

Clique aqui para jogar o quiz

Estatísticas Gerais

  • Esse quiz foi jogado 120 vezes
  • A pontuação média é 6 de 10

Estatísticas das Respostas

CategoriaPaís% Correto
1 x ZZâmbia
99%
1 x ZZimbábue
98%
1 x ZUzbequistão
57%
1 x ZNova Zelândia
54%
1 x ZAzerbaijão
50%
1 x ZCazaquistão
46%
1 x ZVenezuela
44%
1 x ZTanzânia
40%
1 x ZBelize
38%
1 x ZBósnia e Herzegovina
29%

Distribuição das Pontuações

Percentil de Números Respondidos

Porcentagem de Pessoas com Cada Pontuação

Sua Pontuação Histórica

Você não jogou esse quiz